000 00356pab a2200157 454500
008 180718b2007 xxu||||| |||| 00| 0 eng d
100 _aSuguna, B.
245 _aFemale foeticide: 21st century gender violence
260 _c2007
300 _ap.14-16.
362 _aMar
650 _aWomen
773 _aSocial Welfare
908 _aN
909 _a73583
999 _c73583
_d73583